|
|
|
|
| LEADER |
00683ntm a2200169 i 4500 |
| 001 |
misc57102 |
| 005 |
20200925110438.0 |
| 008 |
200612suuuu hu o 0|| chi d |
| 040 |
|
|
|a SZTE Miscellanea Repozitórium
|b hun
|
| 041 |
|
|
|a chi
|
| 041 |
|
|
|a hun
|
| 100 |
1 |
|
|a Kalmár László
|
| 245 |
1 |
0 |
|a Köszönőlevél tervezete a KNK budapesti nagykövetségének "A Kínai Népköztársaság megalapításának 10. éves jubileuma" c. kötetért
|h [elektronikus dokumentum] /
|c Kalmár László
|
| 300 |
|
|
|a 3 fol.
|c 29 x 20 cm
|
| 561 |
|
|
|a Kalmár László kínai hagyaték
|
| 695 |
|
|
|a Levéltervezet - kínai
|
| 856 |
4 |
0 |
|u http://misc.bibl.u-szeged.hu/57102/1/kalmar_002_07.pdf
|z Dokumentum-elérés
|